|
|
|
|
| LEADER |
01155nam a2200313 a 4500 |
| 001 |
GR-Patra13899 |
| 008 |
001108s1996 enk e b 001 b eng d |
| 020 |
|
|
|a 0304332984
|
| 040 |
|
|
|a GrPaTEI
|b gre
|c GR-PaULI
|
| 040 |
|
|
|a GrPaTEI
|b gre
|c GR-PaULI
|
| 082 |
|
0 |
|a 647.944
|2 21
|
| 245 |
0 |
4 |
|a The hospitality industry, tourism and Europe :
|b Perspectives on Policies /
|c edited by Rhodri Thomas.
|
| 260 |
|
|
|a London :
|b Cassell,
|c c1996
|
| 300 |
|
|
|a xi, 227σ.
|
| 504 |
|
|
|a Περιλαμβάνει βιβλιογραφίες και ευρετήριο.
|
| 650 |
|
0 |
|a Decision making
|
| 650 |
|
0 |
|a Hotel management
|
| 650 |
|
0 |
|a Management
|
| 650 |
|
0 |
|a Tourism
|
| 650 |
|
4 |
|a Λήψη αποφάσεων
|
| 650 |
|
4 |
|a Τουρισμός
|
| 650 |
|
4 |
|a ΤΟΥΡΙΣΤΙΚΟ ΜΑΝΑΤΖΜΕΝΤ
|
| 651 |
|
4 |
|a ΕΥΡΩΠΗ
|
| 700 |
1 |
|
|a Thomas, Rhodri
|
| 710 |
0 |
|
|a Cassell
|
| 942 |
|
|
|2 ddc
|
| 952 |
|
|
|0 0
|1 0
|2 ddc
|4 0
|6 647_944000000000000_HOS
|7 0
|9 292922
|a LISK
|b LISK
|c BSC
|d 2021-01-17
|e 24
|f 0
|g 0.00
|l 0
|o 647.944 HOS
|p 92410013399
|r 2021-01-17 00:00:00
|t 1
|w 2021-01-17
|y BK15
|x 20001108 0 1
|x GrPaTEI
|
| 971 |
|
|
|a .b26614145
|b 08-10-20
|c 23-09-16
|
| 999 |
|
|
|c 171211
|d 171211
|